000 00761nam a2200289Ia 4500
005 20260324133112.0
008 008 260324s9999 xx 000 0 eng d
020 _a9781315290331
037 _aEBOOK
040 _aCRL
040 _beng
040 _cCRL
041 _2eng
041 _aeng
084 _qCRL
100 _aRoger W. Bowen
_91191805
245 0 _aJapan's Dysfunctional Democracy: The Liberal Democratic Party and Structural Corruption
245 4 _bThe Liberal Democratic Party and Structural Corruption
260 _bTaylor and Francis
260 _c2003
365 _a
365 _b280
856 _uhttp://www.taylorfrancis.com/books/9781315290331
942 _cEBOOK
999 _c1790550
_d1790550